00494nam a2200157 4500001000700000003000900007007000300016008004100019100002000060245012200080250001200202260004000214300003500254700001600289852003100305111737ES-MaACLt|061121s1945 sp r ||||1| spa d1 aNeufert, Ernst.10aArte de proyectar en Arquitectura / cProf. Ernst Neufert; versión de la décima edición alemana por M. Company. a2ª ed. aBarcelona : bGustavo Gili, c1945. aXVI, 285 p. : bil. ; c32 cm.1 aCompany, M. aES-MaACLjB-2139 bR.21522